000 00554cam a2200205 4500
001 D15245
008 090401t1976 xxu||||| |||| 00| 0 eng d
035 _a(Sirsi) u95010
041 _aeng
050 _a690.24
110 _aRoyal Institution of Chartered Surveyors
_94900
245 _aConservation and the community: conservation awards 1976
260 _bRICS/The Times
_c1976
300 _a41p. 30cm
350 _a0
520 _aFiled in box RICS 1976/44A (Archives only)
710 _aThe Times
_92494
942 _n0
948 _c04/03/1997
999 _c98260
_d98260